Statistics for Fictional Characters by Letter - F

Click here to take the quiz!

General Stats

  • This quiz has been taken 18,162 times
    (13,760 since last reset)
  • The average score is 11 of 19

Answer Stats

Hint Character % Correct
Yabba, dabba, doo!Fred Flintstone
96%
Shrek's girlfriendFiona
94%
His momma always said life is
like a box of chocolates
Forrest Gump
88%
Carried the ring to Mount DoomFrodo Baggins
85%
Speedy superheroThe Flash
82%
Haunts the dreams of Elm Street childrenFreddy Krueger
81%
Phineas's stepbrotherFerb Fletcher
69%
Religious member of
Robin Hood's merry men
Friar Tuck
66%
Has a corn cob pipe and
a button nose
Frosty the
Snowman
63%
Dana Scully's partnerFox Mulder
55%
Bear who says
"Wocka Wocka Wocka"
Fozzie Bear
48%
I say, I say, I say he's a giant roosterFoghorn Leghorn
44%
"That 70's Show" exchange studentFez
44%
He made a bargain with the devilFaust
40%
Chicago's most famous truantFerris Bueller
39%
"Barber of Seville" character; Also appears
in "Bohemian Rhapsody"
Figaro
36%
Runs a pickpocketing ring
in "Oliver Twist"
Fagin
34%
Radio psychologistFrasier Crane
34%
Destitute woman of "Les Misérables",
mother of Cosette
Fantine
24%

Score Distribution

Percentile by Number Answered

Percent of People with Each Score

Your Score History

You have not taken this quiz since the last reset